000 00670nam a22002297a 4500
003 DO-SdBNP
005 20171213101311.0
008 160720b1981 sp||||| |||| 00| 0 spa d
022 _28423927032
040 _aBPMSU
_bspa
_cBPMSU
100 _aFarias, Juan
245 _aAlgunos niños tres perros y más cosas /
_cJuan Farias ; Ilustraciones de Arcadio Lobato
250 _a5a ed.
260 _aMadrid :
_bEspasa-Calpe ,
_c1981.
300 _a91 p. :
_bil. :
_c18 cm
490 _aAustral Juvenil
_v3
700 _aLobato, Arcadio,
_eil.
830 0 _aAustral juvenil
_n3
942 _2ddc
_cBK
945 _ainventariado extranjero / DG
956 _adgarcia
999 _c10964
_d10964